Bài giảng bệnh học nội khoa; T2 Tiêu hóa, huyết học

সংরক্ষণ করুন:
গ্রন্থ-পঞ্জীর বিবরন
বিন্যাস: গ্রন্থ
ভাষা:Undetermined
প্রকাশিত: Hà Nội Học viện Quân y Hà Nội 1986
বিষয়গুলি:
ট্যাগগুলো: ট্যাগ যুক্ত করুন
কোনো ট্যাগ নেই, প্রথমজন হিসাবে ট্যাগ করুন!
Thư viện lưu trữ: Trung tâm Học liệu Trường Đại học Cần Thơ
LEADER 00536nam a2200169Ia 4500
001 CTU_7520
008 210402s9999 xx 000 0 und d
082 |a 616 
082 |b B103/T.2 
245 0 |a Bài giảng bệnh học nội khoa; T2 
245 0 |b Tiêu hóa, huyết học 
245 0 |c Học viện Quân y Hà Nội 
260 |a Hà Nội 
260 |b Học viện Quân y Hà Nội 
260 |c 1986 
650 |a internal medicine,pathology 
980 |a Trung tâm Học liệu Trường Đại học Cần Thơ